La hechizada

Zapisane w:
Opis bibliograficzny
1. autor: Santiván, Fernando (Autor)
Format: Książka
Język:hiszpański
Wydane: Santiago Imprenta Universitaria 1916
Wydanie:3a. ed
Seria:Los diez
Hasła przedmiotowe:
Etykiety: Dodaj etykietę
Nie ma etykietki, Dołącz pierwszą etykiete!

MARC

LEADER 00000nam a2200000 a 4500
001 UCJ5441
003 CL-VaPUC
008 070124e19160000CL |||||||||||||||||spa|d
082 0 4 |a Ch863  |b SAN  |2 21 
100 0 |a Santiván, Fernando  |e author  |9 371592 
245 1 3 |a La hechizada 
250 |a 3a. ed 
300 |a 114 p 
942 |c BK 
945 |d 20070124 00:00:00  |a rinostro 
260 |a Santiago  |b Imprenta Universitaria  |c 1916 
600 0 7 |a LOS DIEZ  |2 CL-VaPUC  |9 420368 
650 0 |a Novela chilena   |9 307631 
583 |a last modification  |c 20070124 00:00:00  |k Rodrigo Vera 
490 0 |a Los diez 
999 |c 321550  |d 321548 
952 |0 0  |1 0  |4 0  |6 CH_863_000000000000000_SAN_1916  |7 0  |8 X  |9 400321  |a FDOBUD  |b FDOBUD  |d 2019-11-22  |i 1034723  |o Ch863 SAN 1916  |p 1034723  |r 2019-11-22  |w 2019-11-22  |y BK_X  |k BUD